000 01076 a2200253 4500
005 20191108140553.0
008 191108s2012 ck ||||| |||| 00| 0 spa d
020 _a9789589810774
040 _aCO-BoUCM
_bspa
_cSaul Niño
_dSaul Niño
041 0 _aspa
100 1 0 _aGuerra García, Yolanda M.
_999188
245 0 4 _aTrasplante de órganos, bioética y legislación comparada
_cYolanda M. Guerra García, Misael Tirado Acero, Álvaro E. Márquez Cárdenas
260 _a[Bogotá (Colombia)]
_bUniversidad Militar Nueva Granada
_c2012
300 _a178 páginas
650 7 _925728
_aTrasplantes de órganos, tejidos, etc.
_xAspectos jurídicos
650 7 _925728
_aTrasplantes de órganos, tejidos, etc.
_xLegislación
650 7 _910102
_aBioética
_xLegislación
650 7 _910102
_aBioética
_xAspectos jurídicos
650 7 _910811
_aCiencias médicas
_xLegislación
700 1 0 _aTirado Acero, Misael
_976045
700 1 0 _aMárquez Cárdenas, Álvaro E.
_999189
942 _cLIBRO
_2DEWEY
_a8
_e1
_h344.04196
_mG934t
999 _c316473
_d316473